|
|
|
|
| LEADER |
00829nam a22002417a 4500 |
| 001 |
AAL6645 |
| 003 |
BD-DhAAL |
| 005 |
20160421121204.0 |
| 008 |
160421m20032001ii a|||| |||| 00| 0 eng d |
| 020 |
|
|
|a 8175541466
|
| 040 |
|
|
|a BD-DhAAL
|c BD-DhAAL
|
| 082 |
|
|
|a 658.3
|
| 100 |
|
|
|a Sampson, Eleri
|9 19186
|
| 245 |
|
|
|a Hundread and one ways to make a professional impact /
|c Eleri Sampson
|
| 260 |
|
|
|a New Delhi :
|b Kogan Page,
|c 2003.
|
| 300 |
|
|
|a 128 p. :
|c 22 cm.
|
| 504 |
|
|
|6 Includes bibliography
|
| 541 |
|
|
|e 6645
|
| 650 |
|
|
|a Human capital
|x Mannagement
|9 19187
|
| 852 |
|
|
|a Savar Campus Library
|c General Shelf
|
| 942 |
|
|
|2 ddc
|c BK
|
| 999 |
|
|
|c 37459
|d 37459
|
| 952 |
|
|
|0 0
|1 0
|2 ddc
|4 0
|6 658_300000000000000_SAM
|7 0
|9 58816
|a SCL
|b SCL
|c GEN
|d 2016-04-21
|g 270.00
|l 3
|m 18
|o 658.3 SAM
|p 3020006645
|r 2020-03-10
|s 2020-01-22
|t 1
|w 2016-04-21
|y BK
|